{"text_format":"3","workbook":"xlsx","n_sheets":4,"sheets":["Pokyny pro vyplnění","Stavba","VzorPolozky","01 1 Pol"],"not_rendered":{"external_links":1,"defined_names":64,"comments":2},"read":"whole","date_system":"1900"}

{"sheet":"Pokyny pro vyplnění","index":0,"n_rows":2,"n_cols":1,"rows_kept":2,"hidden":true,"merged":[[1,0,1,6]]}
["Pokyny pro vyplnění"]
["Ve všech listech tohoto souboru můžete měnit pouze buňky s modrým pozadím. Jedná se o tyto údaje : \n- údaje o firmě\n- jednotkové ceny položek zadané na maximálně dvě desetinná místa"]

{"sheet":"Stavba","index":1,"n_rows":53,"n_cols":10,"rows_kept":53,"merged":[[0,1,0,9],[1,4,1,9],[2,4,2,9],[3,4,3,9],[4,3,4,6],[5,3,5,6],[6,4,6,6],[10,3,10,6],[11,3,11,6],[12,4,12,6],[14,4,14,5],[14,6,14,7],[14,8,14,9],[15,4,15,5],[15,6,15,7],[15,8,15,9],[16,4,16,5],[16,6,16,7],[16,8,16,9],[17,4,17,5],[17,6,17,7],[17,8,17,9],[18,4,18,5],[18,6,18,7],[18,8,18,9],[19,4,19,5],[19,6,19,7],[19,8,19,9],[20,4,20,5],[20,6,20,7],[20,8,20,9],[22,6,22,8],[23,6,23,8],[24,6,24,8],[25,6,25,8],[26,6,26,8],[27,6,27,8],[28,6,28,8],[33,3,33,4],[33,6,33,8],[34,3,34,4],[38,2,38,4],[39,2,39,4],[40,2,40,4],[41,1,41,4],[48,2,48,4],[49,2,49,4],[50,2,50,4],[51,2,51,4]]}
["#RTSROZP#","Položkový rozpočet stavby"]
[null,"Stavba:",null,"VZ2410/ZL","Rekonstrukce koupelen DD Hodonín - etapizace 2023"]
[null,"Objekt:",null,"01","I.etapa"]
[{"v":2172,"d":"2,172.00"},"Rozpočet:",null,"1","Demontáž azbestocementového potrubí"]
[null,"Objednatel:",{"$nulls":5},"IČO:"]
[{"$nulls":7},"DIČ:"]
[]
[null,"Projektant:",{"$nulls":5},"IČO:"]
[{"$nulls":7},"DIČ:"]
[]
[null,"Zhotovitel:",{"$nulls":5},"IČO:"]
[{"$nulls":7},"DIČ:"]
[]
[null,"Vypracoval:"]
[null,"Rozpis ceny",{"$nulls":6},"Celkem"]
["HSV","HSV",{"$nulls":6},{"v":170992.44,"d":"170,992.44"}]
["PSV","PSV",{"$nulls":6},{"v":1194144.76,"d":"1,194,144.76"}]
["MON","MON",{"$nulls":6},{"v":0,"d":"0.00"}]
["VN","Vedlejší náklady",{"$nulls":6},{"v":0,"d":"0.00"}]
["ON","Ostatní náklady",{"$nulls":6},{"v":0,"d":"0.00"}]
[null,"Celkem",{"$nulls":6},{"$f":"SUM(I16:J20)","v":{"v":1365137.2,"d":"1,365,137.20"}}]
[null,"Rekapitulace daní"]
[null,"Základ pro sníženou DPH",null,null,12,"%",{"v":1365137.2,"d":"1,365,137.20"},null,null,{"$f":"Mena","v":"CZK"}]
[null,"Snížená DPH ",null,null,{"$f":"SazbaDPH1","v":12},"%",{"v":163816.46,"d":"163,816.46"},null,null,"CZK"]
[null,"Základ pro základní DPH",null,null,21,"%",{"v":0,"d":"0.00"},null,null,"CZK"]
[null,"Základní DPH ",null,null,{"$f":"SazbaDPH2","v":21},"%",{"v":0,"d":"0.00"},null,null,"CZK"]
[null,"Zaokrouhlení",{"$nulls":4},{"v":0,"d":"0.00"},null,null,"CZK"]
[null,"Cena celkem bez DPH",{"$nulls":4},{"v":1365137.2,"d":"1,365,137.20"},null,null,"CZK"]
[null,"Cena celkem s DPH",{"$nulls":4},{"v":1528953.66,"d":"1,528,953.66"},null,null,"CZK"]
[]
[]
[null,null,"v",null,null,"dne"]
[]
[]
[{"$nulls":3},"Za zhotovitele",{"$nulls":3},"Za objednatele"]
[]
[null,"Rekapitulace dílčích částí"]
["#CASTI>>","Číslo","Název",null,null,{"$f":"B23","v":"Základ pro sníženou DPH"},{"$f":"B25","v":"Základ pro základní DPH"},"DPH celkem","Cena celkem","%"]
[{"v":1,"d":"1.00"},"Stavba",{"$nulls":3},{"v":1365137.2,"d":"1,365,137.20"},{"v":0,"d":"0.00"},{"v":163816.46,"d":"163,816.46"},{"v":1528953.66,"d":"1,528,953.66"},{"$f":"IF(_xlfn.SINGLE(CenaCelkemVypocet)=0,\"\",I39/_xlfn.SINGLE(CenaCelkemVypocet)*100)","v":100}]
[{"v":2,"d":"2.00"},"01","I.etapa",null,null,{"v":1365137.2,"d":"1,365,137.20"},{"v":0,"d":"0.00"},{"v":163816.46,"d":"163,816.46"},{"v":1528953.66,"d":"1,528,953.66"},{"$f":"IF(_xlfn.SINGLE(CenaCelkemVypocet)=0,\"\",I40/_xlfn.SINGLE(CenaCelkemVypocet)*100)","v":100}]
[{"v":3,"d":"3.00"},"1","Demontáž azbestocementového potrubí",null,null,{"v":1365137.2,"d":"1,365,137.20"},{"v":0,"d":"0.00"},{"v":163816.46,"d":"163,816.46"},{"v":1528953.66,"d":"1,528,953.66"},{"$f":"IF(_xlfn.SINGLE(CenaCelkemVypocet)=0,\"\",I41/_xlfn.SINGLE(CenaCelkemVypocet)*100)","v":100}]
[null,"Celkem za stavbu",{"$nulls":3},{"$f":"SUMIF(A39:A41,\"=1\",F39:F41)","v":{"v":1365137.2,"d":"1,365,137.20"}},{"$f":"SUMIF(A39:A41,\"=1\",G39:G41)","v":{"v":0,"d":"0.00"}},{"$f":"SUMIF(A39:A41,\"=1\",H39:H41)","v":{"v":163816.46,"d":"163,816.46"}},{"$f":"SUMIF(A39:A41,\"=1\",I39:I41)","v":{"v":1528953.66,"d":"1,528,953.66"}},{"$f":"SUMIF(A39:A41,\"=1\",J39:J41)","v":100}]
[]
[]
[]
[null,"Rekapitulace dílů"]
[]
[null,"Číslo","Název",null,null,"Typ dílu",null,null,"Celkem","%"]
[null,"4","Vodorovné konstrukce",null,null,"HSV",null,null,{"v":35952,"d":"35,952.00"},{"$f":"IF(I53=0,\"\",I49/I53*100)","v":{"v":2.633581445147052,"d":"2.6"}}]
[null,"96","Bourání konstrukcí",null,null,"HSV",null,null,{"v":32323.2,"d":"32,323.20"},{"$f":"IF(I53=0,\"\",I50/I53*100)","v":{"v":2.367762009562116,"d":"2.4"}}]
[null,"721","Vnitřní kanalizace",null,null,"PSV",null,null,{"v":1194144.76,"d":"1,194,144.76"},{"$f":"IF(I53=0,\"\",I51/I53*100)","v":{"v":87.47434030806575,"d":"87.5"}}]
[null,"D96","Přesuny suti a vybouraných hmot",null,null,"PSU",null,null,{"v":102717.24,"d":"102,717.24"},{"$f":"IF(I53=0,\"\",I52/I53*100)","v":{"v":7.5243162372250945,"d":"7.5"}}]
[null,"Cena celkem",{"$nulls":6},{"$f":"SUM(I49:I52)","v":{"v":1365137.2,"d":"1,365,137.20"}},{"$f":"SUM(J49:J52)","v":{"v":100.00000000000001,"d":"100.0"}}]

{"sheet":"VzorPolozky","index":2,"n_rows":4,"n_cols":1,"rows_kept":4,"hidden":true,"merged":[[0,0,0,6],[1,2,1,6],[2,2,2,6],[3,2,3,6]]}
["Položkový rozpočet "]
["S:"]
["O:"]
["R:"]

{"sheet":"01 1 Pol","index":3,"n_rows":26,"n_cols":33,"rows_kept":26,"merged":[[0,0,0,6],[1,2,1,6],[2,2,2,6],[3,2,3,6]]}
["Položkový rozpočet ",{"$nulls":31},"#TypZaznamu#"]
["S:","VZ2410/ZL","Rekonstrukce koupelen DD Hodonín - etapizace 2023",{"$nulls":29},"STA"]
["O:","01","I.etapa",{"$nulls":25},"STA",{"$nulls":3},"OBJ"]
["R:","1","Demontáž azbestocementového potrubí",{"$nulls":29},"ROZ"]
[]
["P.č.","Číslo položky","Název položky","MJ","Množství","Cena / MJ","Celkem","Dodávka","Dodávka celk.","Montáž","Montáž celk.","DPH","Cena s DPH","Hmotnost / MJ","Hmotnost celk.(t)","Dem. hmotnost / MJ","Dem. hmotnost celk.(t)","Ceník","Cen. soustava / platnost","Cenová úroveň","Nhod / MJ","Nhod celk.","Dodavatel","Typ položky","Stav položky"]
[]
["Díl:","4","Vodorovné konstrukce",{"$nulls":3},{"v":35952,"d":"35,952.00"},null,{"v":4958.24,"d":"4,958.24"},null,{"v":30993.76,"d":"30,993.76"},{"$nulls":21},"DIL"]
[1,"411387531","Zabetonování otvorů 0,25 m2 ve stropech a klenbách","kus",{"v":56,"d":"56.00000"},{"v":642,"d":"642.00"},{"v":35952,"d":"35,952.00"},88.54,{"v":4958.240000000001,"d":"4,958.24"},553.46,{"v":30993.760000000002,"d":"30,993.76"},{"v":12,"d":"12.00"},{"v":40266.240000000005,"d":"40,266.24"},0.05203,2.91368,{"v":0,"d":"0.00000"},{"v":0,"d":"0.00000"},null,"RTS 24/ I","RTS 24/ I",{"v":1.006,"d":"1.01"},{"v":56.336,"d":"56.34"},null,"Práce","Běžná",{"$nulls":7},"POL1_"]
["Díl:","96","Bourání konstrukcí",{"$nulls":3},{"v":32323.2,"d":"32,323.20"},null,{"v":3394.81,"d":"3,394.81"},null,{"v":28928.39,"d":"28,928.39"},{"$nulls":21},"DIL"]
[2,"962084131","Bourání příček deskových vč. revizních dvířek - umakart","m2",{"v":174.72,"d":"174.72000"},{"v":185,"d":"185.00"},{"v":32323.2,"d":"32,323.20"},19.43,{"v":3394.8096,"d":"3,394.81"},165.57,{"v":28928.3904,"d":"28,928.39"},{"v":12,"d":"12.00"},{"v":36201.984000000004,"d":"36,201.98"},0.00067,{"v":0.1170624,"d":"0.11706"},{"v":0.1,"d":"0.10000"},{"v":17.472,"d":"17.47200"},null,"RTS 24/ I","RTS 24/ I",0.36,{"v":62.8992,"d":"62.90"},null,"Práce","Běžná",{"$nulls":7},"POL1_"]
["Díl:","721","Vnitřní kanalizace",{"$nulls":3},{"v":1194144.76,"d":"1,194,144.76"},null,{"v":0,"d":"0.00"},null,{"v":1194144.76,"d":"1,194,144.76"},{"$nulls":21},"DIL"]
[3,"721290822","Přesun vybouraných hmot - kanalizace, H6 - 12 m","t",6.96036,{"v":2100,"d":"2,100.00"},{"v":14616.76,"d":"14,616.76"},{"v":0,"d":"0.00"},{"v":0,"d":"0.00"},{"v":2100,"d":"2,100.00"},{"v":14616.756,"d":"14,616.76"},{"v":12,"d":"12.00"},{"v":16370.771200000001,"d":"16,370.77"},{"v":0,"d":"0.00000"},{"v":0,"d":"0.00000"},{"v":0,"d":"0.00000"},{"v":0,"d":"0.00000"},null,"RTS 24/ I","Indiv",{"v":4.155,"d":"4.16"},{"v":28.9202958,"d":"28.92"},null,"Práce","Běžná",{"$nulls":7},"POL1_"]
[4,"721160802","Demontáž potrubí vláknocementového DN 100","m",{"v":952,"d":"952.00000"},{"v":1239,"d":"1,239.00"},{"v":1179528,"d":"1,179,528.00"},{"v":0,"d":"0.00"},{"v":0,"d":"0.00"},{"v":1239,"d":"1,239.00"},{"v":1179528,"d":"1,179,528.00"},{"v":12,"d":"12.00"},{"v":1321071.36,"d":"1,321,071.36"},{"v":0,"d":"0.00000"},{"v":0,"d":"0.00000"},0.00669,6.36888,null,"RTS 24/ I","Indiv",0.19,180.88,null,"Práce","Běžná",{"$nulls":7},"POL1_0"]
["Díl:","D96","Přesuny suti a vybouraných hmot",{"$nulls":3},{"v":102717.24,"d":"102,717.24"},null,{"v":0,"d":"0.00"},null,{"v":102717.24,"d":"102,717.24"},{"$nulls":21},"DIL"]
[5,"979011211","Svislá doprava suti a vybour. hmot za 2.NP nošením","t",2.51596,{"v":835,"d":"835.00"},{"v":2100.83,"d":"2,100.83"},{"v":0,"d":"0.00"},{"v":0,"d":"0.00"},{"v":835,"d":"835.00"},{"v":2100.8266000000003,"d":"2,100.83"},{"v":12,"d":"12.00"},{"v":2352.9296,"d":"2,352.93"},{"v":0,"d":"0.00000"},{"v":0,"d":"0.00000"},{"v":0,"d":"0.00000"},{"v":0,"d":"0.00000"},null,"RTS 24/ I","Indiv",2.01,{"v":5.0570796,"d":"5.06"},null,"Práce","Běžná",{"$nulls":7},"POL1_"]
[6,"979011219","Přípl.k svislé dopr.suti za každé další NP nošením","t",2.51596,{"v":85,"d":"85.00"},213.86,{"v":0,"d":"0.00"},{"v":0,"d":"0.00"},{"v":85,"d":"85.00"},{"v":213.85660000000001,"d":"213.86"},{"v":12,"d":"12.00"},{"v":239.52320000000003,"d":"239.52"},{"v":0,"d":"0.00000"},{"v":0,"d":"0.00000"},{"v":0,"d":"0.00000"},{"v":0,"d":"0.00000"},null,"RTS 24/ I","Indiv",0.96,{"v":2.4153216,"d":"2.42"},null,"Práce","Běžná",{"$nulls":7},"POL1_"]
[7,"979081111","Odvoz suti a vybour. hmot na skládku do 1 km","t",2.51596,{"v":275.5,"d":"275.50"},693.15,{"v":0,"d":"0.00"},{"v":0,"d":"0.00"},{"v":275.5,"d":"275.50"},{"v":693.1469800000001,"d":"693.15"},{"v":12,"d":"12.00"},{"v":776.3280000000001,"d":"776.33"},{"v":0,"d":"0.00000"},{"v":0,"d":"0.00000"},{"v":0,"d":"0.00000"},{"v":0,"d":"0.00000"},null,"RTS 24/ I","Indiv",0.49,{"v":1.2328204,"d":"1.23"},null,"Práce","Běžná",{"$nulls":7},"POL1_"]
[8,"979081121","Příplatek k odvozu za každý další 1 km","t",2.51596,{"v":25,"d":"25.00"},{"v":62.9,"d":"62.90"},{"v":0,"d":"0.00"},{"v":0,"d":"0.00"},{"v":25,"d":"25.00"},{"v":62.89900000000001,"d":"62.90"},{"v":12,"d":"12.00"},{"v":70.44800000000001,"d":"70.45"},{"v":0,"d":"0.00000"},{"v":0,"d":"0.00000"},{"v":0,"d":"0.00000"},{"v":0,"d":"0.00000"},null,"RTS 24/ I","Indiv",{"v":0,"d":"0.00"},{"v":0,"d":"0.00"},null,"Práce","Běžná",{"$nulls":7},"POL1_"]
[9,"979086213R00","Nakládání vybouraných hmot na dopravní prostředek","t",2.51596,{"v":185,"d":"185.00"},465.45,{"v":0,"d":"0.00"},{"v":0,"d":"0.00"},{"v":185,"d":"185.00"},{"v":465.4526,"d":"465.45"},{"v":12,"d":"12.00"},{"v":521.3040000000001,"d":"521.30"},{"v":0,"d":"0.00000"},{"v":0,"d":"0.00000"},{"v":0,"d":"0.00000"},{"v":0,"d":"0.00000"},null,"Vlastní","Indiv",{"v":0,"d":"0.00"},{"v":0,"d":"0.00"},null,"Práce","Běžná",{"$nulls":7},"POL1_9"]
[10,"979087312","Vodorovné přemístění vyb. hmot nošením do 10 m","t",2.51596,{"v":210,"d":"210.00"},528.35,{"v":0,"d":"0.00"},{"v":0,"d":"0.00"},{"v":210,"d":"210.00"},{"v":528.3516000000001,"d":"528.35"},{"v":12,"d":"12.00"},{"v":591.7520000000001,"d":"591.75"},{"v":0,"d":"0.00000"},{"v":0,"d":"0.00000"},{"v":0,"d":"0.00000"},{"v":0,"d":"0.00000"},null,"RTS 24/ I","Indiv",0.83,{"v":2.0882468,"d":"2.09"},null,"Práce","Běžná",{"$nulls":7},"POL1_"]
[11,"979087392","Příplatek za nošení vyb. hmot každých dalších 10 m","t",2.51596,{"v":80,"d":"80.00"},201.28,{"v":0,"d":"0.00"},{"v":0,"d":"0.00"},{"v":80,"d":"80.00"},{"v":201.2768,"d":"201.28"},{"v":12,"d":"12.00"},{"v":225.4336,"d":"225.43"},{"v":0,"d":"0.00000"},{"v":0,"d":"0.00000"},{"v":0,"d":"0.00000"},{"v":0,"d":"0.00000"},null,"RTS 24/ I","Indiv",0.36,{"v":0.9057456,"d":"0.91"},null,"Práce","Běžná",{"$nulls":7},"POL1_"]
[12,"979990107","Poplatek za uložení suti - směs betonu, cihel, dřeva, skupina odpadu 170904","t",2.51596,{"v":400,"d":"400.00"},{"v":1006.38,"d":"1,006.38"},{"v":0,"d":"0.00"},{"v":0,"d":"0.00"},{"v":400,"d":"400.00"},{"v":1006.3840000000001,"d":"1,006.38"},{"v":12,"d":"12.00"},{"v":1127.1456,"d":"1,127.15"},{"v":0,"d":"0.00000"},{"v":0,"d":"0.00000"},{"v":0,"d":"0.00000"},{"v":0,"d":"0.00000"},null,"RTS 24/ I","Indiv",{"v":0,"d":"0.00"},{"v":0,"d":"0.00"},null,"Práce","Běžná",{"$nulls":7},"POL1_"]
[13,"979990201","Poplatek za skládku suti -azbestocementové výrobky","t",6.96036,{"v":14000,"d":"14,000.00"},{"v":97445.04,"d":"97,445.04"},{"v":0,"d":"0.00"},{"v":0,"d":"0.00"},{"v":14000,"d":"14,000.00"},{"v":97445.04,"d":"97,445.04"},{"v":12,"d":"12.00"},{"v":109138.4448,"d":"109,138.44"},{"v":0,"d":"0.00000"},{"v":0,"d":"0.00000"},{"v":0,"d":"0.00000"},{"v":0,"d":"0.00000"},null,"RTS 24/ I","Indiv",{"v":0,"d":"0.00"},{"v":0,"d":"0.00"},null,"Práce","Běžná",{"$nulls":7},"POL1_"]
[{"$nulls":30},12,21,"DPH"]
[{"$nulls":32},"END"]